Online
Catalog

Cenizas de otoño / (Record no. 30733)

MARC details
000 -CABECERA
campo de control de longitud fija 00473nam a2200157 a 4500
001 - NÚMERO DE CONTROL
campo de control 000031241
005 - FECHA Y HORA DE LA ÚLTIMA TRANSACCIÓN
campo de control 20200930062809.0
008 - DATOS DE LONGITUD FIJA--INFORMACIÓN GENERAL
campo de control de longitud fija 110615s1960 dr c 000 p spa d
040 ## - FUENTE DE LA CATALOGACIÓN
Centro catalogador/agencia de origen DO-SdBNP
Lengua de catalogación spa
Centro/agencia transcriptor BNPHU
082 ## - NÚMERO DE LA CLASIFICACIÓN DECIMAL DEWEY
Número de clasificación xxx
Número de documento/Ítem P438c
049 ## - FONDOS LOCALES (OCLC)
Fondos de biblioteca BNPD
100 1# - ENTRADA PRINCIPAL--NOMBRE DE PERSONA
Nombre de persona Pérez, José Manuel
9 (RLIN) 57712
245 10 - MENCIÓN DE TÍTULO
Título Cenizas de otoño /
Mención de responsabilidad, etc. José Manuel Pérez.
260 ## - PUBLICACIÓN, DISTRIBUCIÓN, ETC.
Lugar de publicación, distribución, etc. Ciudad Trujillo, República Dominicana :
Nombre del editor, distribuidor, etc. Imprenta Benemerita,
Fecha de publicación, distribución, etc. 1960.
300 ## - DESCRIPCIÓN FÍSICA
Extensión 43 p. :
Otras características físicas retr. ;
Dimensiones 20 cm.
Holdings
Estado de retiro Estado de pérdida Restricciones de uso No para préstamo Código de colección Localización permanente Ubicación/localización actual Ubicación en estantería Fecha de adquisición Número de inventario Total de préstamos Signatura topográfica completa Código de barras Fecha visto por última vez Precio válido a partir de Tipo de ítem Koha Nota pública Número de copia
        Dominicana de Servicio General General En catalogación 15.06.2011 LF1   xxx P438c 31242-40 25.06.2020 25.06.2020 Libro y Folleto Colección Dominicana de Servicio   e. 3
      Excluido de préstamo Raros y valiosos Patrimonio Dominicano Patrimonio Dominicano En catalogación 15.06.2011 LF1   xxx P438c 31241-10 25.06.2020 25.06.2020 No se presta Perteneció a la biblioteca personal de Martínez Boog.  
      Excluido de préstamo Patrimonio Dominicano Patrimonio Dominicano Patrimonio Dominicano En catalogación 15.06.2011 LF1   xxx P438c 31242-10 25.06.2020 25.06.2020 Libro y Folleto Colección Patrimonio Dominicano    
      Excluido de préstamo Patrimonio Dominicano Patrimonio Dominicano Patrimonio Dominicano En catalogación 15.06.2011 LF1   xxx P438c 31242-30 25.06.2020 25.06.2020 Libro y Folleto Colección Patrimonio Dominicano   e. 2

Powered by Koha